Bates' guide to physical examination and history taking / (Record no. 60220)

MARC details
000 -LEADER
fixed length control field 00647nam a22002057a 4500
005 - DATE AND TIME OF LATEST TRANSACTION
control field 20260304130310.0
008 - FIXED-LENGTH DATA ELEMENTS--GENERAL INFORMATION
fixed length control field 260304b |||||||| |||| 00| 0 eng d
020 ## - INTERNATIONAL STANDARD BOOK NUMBER
International Standard Book Number 9780781735117
050 ## - LIBRARY OF CONGRESS CALL NUMBER
Classification number RC 76
Item number .B53 2003
100 ## - MAIN ENTRY--PERSONAL NAME
Personal name Bickley, Lynn S.,
245 ## - TITLE STATEMENT
Title Bates' guide to physical examination and history taking /
250 ## - EDITION STATEMENT
Edition statement Fourteenth edition.
260 ## - PUBLICATION, DISTRIBUTION, ETC. (IMPRINT)
Place of publication, distribution, etc Philadelphia, PA :
Name of publisher, distributor, etc Wolters Kluwer,
Date of publication, distribution, etc 2003
300 ## - PHYSICAL DESCRIPTION
Extent xxiii, 862p
Other physical details ill.;
Dimensions 21cm
500 ## - GENERAL NOTE
General note Includes bibliographical references and index.
650 ## - SUBJECT ADDED ENTRY--TOPICAL TERM
Topical term or geographic name as entry element Physical Examination
650 ## - SUBJECT ADDED ENTRY--TOPICAL TERM
Topical term or geographic name as entry element Medical History Taking
700 ## - ADDED ENTRY--PERSONAL NAME
Personal name Szilagyi, Peter G
942 ## - ADDED ENTRY ELEMENTS (KOHA)
Source of classification or shelving scheme Library of Congress Classification
Item type Book
Holdings
Withdrawn status Lost status Source of classification or shelving scheme Damaged status Not for loan Collection code Home library Current library Date acquired Source of acquisition Cost, normal purchase price Total Checkouts Full call number Barcode Date last seen Copy number Price effective from Koha item type
    Library of Congress Classification   Not For Loan Non-fiction Bishop Okullu Memorial Library (Limuru Campus) Bishop Okullu Memorial Library (Limuru Campus) 04/03/2026 Donations-Pittsburg 3900.00   RC 76 .B53 2003 073136 04/03/2026 1 04/03/2026 Book